000
00337nam a22001457a 4500
008
221117b ||||| |||| 00| 0 eng d
020
_a
0805389407
041
_a
eng
080
_a
004
082
_a
004VER
100
_a
18
101
_a
SHKP
245
_a
INTERMEDIATE PROBLEM SOLVING AND DATA STRUCTURES
_c
VEROFF H
942
_2
udc
_c
BK
999
_c
58922
_d
58922